[Event "12th TCh-RUS Women"]
[Site "Olginka RUS"]
[Date "2011.04.17"]
[Round "2"]
[White "Socko, Monika"]
[Black "Paikidze, Nazi"]
[Result "1/2-1/2"]
[WhiteTitle "GM"]
[BlackTitle "WGM"]
[WhiteElo "2495"]
[BlackElo "2425"]
[WhiteTeam "SPbShF"]
[BlackTeam "Rook"]
[WhiteFideId "1106619"]
[BlackFideId "13603620"]
[EventDate "2011.04.16"]

1. e4 c5 2. c3 d5 3. exd5 Qxd5 4. d4 Nf6 5. Nf3 Bg4 6. Be2 e6 7. O-O Nc6 8. Be3
cxd4 9. cxd4 Be7 10. Nc3 Qd6 11. h3 Bh5 12. a3 O-O 13. Qb3 Rfd8 14. Rfd1 Nd5 15.
Rac1 Nxc3 16. Rxc3 Rab8 17. Rc5 Bg6 18. d5 exd5 19. Rcxd5 Qc7 20. Qc4 Rxd5 21.
Rxd5 Rd8 22. b4 Rxd5 23. Qxd5 a6 24. Qc4 Bd6 25. Nh4 Bb1 26. Qd5 Ne7 27. Qd4 Nf5
28. Nxf5 Bxf5 29. Bf3 Bc8 30. Qd5 h6 31. g4 Qe7 32. Bc5 Bxc5 33. bxc5 Qc7 34.
Kg2 Kf8 35. Be4 Qe7 36. f4 Qf6 37. Qe5 Qe7 38. Kf3 Qh4 39. Qd6+ Ke8 40. Kg2 Qe7
41. Qd4 h5 42. gxh5 Qh4 43. Qe5+ Kf8 44. Bf5 Bxf5 45. Qxf5 Qd8 46. Kg3 Kg8 47.
Qe4 Qd7 48. Qe3 Qd5 49. Kh4 Qd8+ 50. Kg3 Qd5 51. Qe5 Qd3+ 52. Kh4 Qd7 53. Qb8+
Kh7 54. Qd6 Qf5 55. Qe5 Qc2 56. Qe3 Qf5 57. Qe5 Qc2 58. Qd5 Qf2+ 59. Kg4 Qe2+
60. Kh4 Qf2+ 61. Kg4 Qe2+ 62. Kh4 Qf2+ 1/2-1/2

[Event "12th TCh-RUS Women"]
[Site "Olginka RUS"]
[Date "2011.04.17"]
[Round "2"]
[White "Gaponenko, Inna"]
[Black "Bodnaruk, Anastasia"]
[Result "1/2-1/2"]
[WhiteTitle "IM"]
[BlackTitle "IM"]
[WhiteElo "2435"]
[BlackElo "2423"]
[WhiteTeam "Rook"]
[BlackTeam "SPbShF"]
[WhiteFideId "14101181"]
[BlackFideId "4181751"]
[EventDate "2011.04.16"]

1. e4 c5 2. c3 Nf6 3. e5 Nd5 4. Nf3 Nc6 5. d4 cxd4 6. Bc4 Nb6 7. Bb3 g6 8. Ng5
d5 9. exd6 e6 10. Qf3 f5 11. O-O Bxd6 12. Re1 O-O 13. Qh3 h5 14. Nxe6 Bxe6 15.
Rxe6 Kg7 16. cxd4 Nxd4 17. Re1 Nxb3 18. axb3 Re8 19. Bd2 Rxe1+ 20. Bxe1 Be5 21.
Nc3 Bf6 22. Qf3 Qd7 23. Rd1 Qe7 24. Bd2 Rd8 25. Re1 Qf7 26. Bc1 Nd5 27. Nxd5
Qxd5 28. Qe3 Kf7 29. h3 b6 30. Qh6 Rh8 31. Qf4 Rd8 32. Qc7+ Qd7 33. Qc4+ Kg7 34.
Qf4 Kf7 35. Qc4+ Kg7 36. Qf4 Kf7 1/2-1/2

[Event "12th TCh-RUS Women"]
[Site "Olginka RUS"]
[Date "2011.04.17"]
[Round "2"]
[White "Kovanova, Baira"]
[Black "Turova, Irina"]
[Result "1/2-1/2"]
[WhiteTitle "WGM"]
[BlackTitle "IM"]
[WhiteElo "2376"]
[BlackElo "2428"]
[WhiteTeam "SPbShF"]
[BlackTeam "Rook"]
[WhiteFideId "4164083"]
[BlackFideId "4120876"]
[EventDate "2011.04.16"]

1. e4 e5 2. Nf3 Nc6 3. Bc4 Bc5 4. d3 Nf6 5. O-O d6 6. c3 a6 7. Bb3 Ba7 8. h3 h6
9. Re1 O-O 10. Nbd2 Nh5 11. d4 Nf4 12. Nf1 Qf6 13. Ng3 g5 14. Be3 Kh8 15. dxe5
dxe5 16. Nh2 Be6 17. Ng4 Qg6 18. Bxa7 Rxa7 19. Nf5 Rd8 20. Qf3 h5 21. Nge3 Raa8
22. Rad1 Na5 23. Ne7 Qf6 24. N3d5 g4 25. hxg4 hxg4 26. Qxf4 Qxf4 27. Nxf4 Bxb3
28. axb3 exf4 29. Nd5 Nxb3 30. Nxc7 Rac8 31. Nd5 f3 32. gxf3 gxf3 33. Kh2 Rg8
34. Rg1 Nc5 35. Rg3 Rxg3 36. Kxg3 Nxe4+ 37. Kxf3 Nc5 38. Ne3 Kg7 39. Kf4 1/2-1/2

[Event "12th TCh-RUS Women"]
[Site "Olginka RUS"]
[Date "2011.04.17"]
[Round "2"]
[White "Tomilova, Elena"]
[Black "Kosteniuk, Alexandra"]
[Result "0-1"]
[WhiteTitle "WIM"]
[BlackTitle "GM"]
[WhiteElo "2315"]
[BlackElo "2503"]
[WhiteTeam "Polytechnic"]
[BlackTeam "SHSM - RSCU"]
[WhiteFideId "4162340"]
[BlackFideId "4128125"]
[EventDate "2011.04.16"]

1. d4 Nf6 2. c4 e6 3. Nf3 b6 4. g3 Bb7 5. Bg2 Be7 6. O-O O-O 7. Nc3 Ne4 8. Nxe4
Bxe4 9. Ne1 Bxg2 10. Nxg2 d6 11. b3 a5 12. Bb2 a4 13. Nf4 Nd7 14. Qc2 Qb8 15. d5
e5 16. Nd3 Bg5 17. e4 f5 18. exf5 Nc5 19. h4 Bf6 20. Nb4 Qe8 21. Nc6 Qh5 22. b4
a3 23. Bc3 Na4 24. Bd2 b5 25. Qe4 bxc4 26. Rac1 Qf7 27. Be3 Nb2 28. Kg2 Bd8 29.
g4 Ra6 30. Rxc4 Nxc4 31. Qxc4 Ra8 32. Bg5 Bf6 33. Bc1 Bxh4 34. Rh1 Qf6 35. Rh3
Bg5 36. Bxa3 g6 37. Rf3 gxf5 38. Rxf5 Qg7 39. Rxf8+ Rxf8 40. f3 h5 41. Bb2 Bf4
42. Qe2 hxg4 43. fxg4 Qh7 44. Kg1 Qh4 45. a4 Qg3+ 46. Kh1 Qh3+ 0-1

[Event "12th TCh-RUS Women"]
[Site "Olginka RUS"]
[Date "2011.04.17"]
[Round "2"]
[White "Gunina, Valentina"]
[Black "Kharashuta, Ekaterina"]
[Result "1-0"]
[WhiteTitle "WGM"]
[BlackTitle "WIM"]
[WhiteElo "2472"]
[BlackElo "2270"]
[WhiteTeam "SHSM - RSCU"]
[BlackTeam "Polytechnic"]
[WhiteFideId "4167570"]
[BlackFideId "4193172"]
[EventDate "2011.04.16"]

1. d4 Nf6 2. Nf3 g6 3. Nbd2 d5 4. e3 Bg7 5. b4 O-O 6. Be2 Ne4 7. Bb2 Qd6 8. a3
Nd7 9. Nxe4 dxe4 10. Nd2 f5 11. c4 g5 12. g4 Qg6 13. Qb3 a5 14. c5+ Kh8 15. h4
fxg4 16. hxg5 axb4 17. axb4 Rxa1+ 18. Bxa1 Qxg5 19. Nxe4 Qf5 20. Bd3 h6 21. Rh2
Nf6 22. Nd6 Qd5 23. Bc4 Qg5 24. Nxc8 g3 25. Rg2 gxf2+ 26. Rxf2 Rxc8 27. Qd3 Qg1+
28. Rf1 Qg3+ 29. Kd2 Rf8 30. d5 Nd7 31. Rxf8+ Nxf8 32. Qf1 Nd7 33. c6 bxc6 34.
dxc6 Nf6 35. Bxf6 Bxf6 36. Qf5 Qe5 37. Qc8+ 1-0

[Event "12th TCh-RUS Women"]
[Site "Olginka RUS"]
[Date "2011.04.17"]
[Round "2"]
[White "Novikova, Anna"]
[Black "Romanko, Marina"]
[Result "1-0"]
[WhiteTitle "WIM"]
[BlackTitle "IM"]
[WhiteElo "2240"]
[BlackElo "2402"]
[WhiteTeam "Polytechnic"]
[BlackTeam "SHSM - RSCU"]
[WhiteFideId "4146794"]
[BlackFideId "4149351"]
[EventDate "2011.04.16"]

1. e4 c6 2. d4 d5 3. exd5 cxd5 4. c4 e6 5. Nc3 Nf6 6. Nf3 Bb4 7. cxd5 Nxd5 8.
Qc2 Nc6 9. Bd3 Ba5 10. a3 h6 11. O-O O-O 12. Rd1 Nce7 13. Ne5 Bd7 14. Ne4 Bc7
15. Nxd7 Qxd7 16. Qe2 b6 17. Bb5 Qd8 18. g3 a5 19. Bd2 Nf5 20. Be1 Bd6 21. Rac1
Be7 22. Bc6 Rc8 23. Qb5 Bg5 24. Rb1 Nfe7 25. Bxd5 Nxd5 26. Nc3 Qe8 27. Qxe8
Rfxe8 28. Kf1 Red8 29. h4 Bf6 30. Rd3 Rc4 31. Rbd1 h5 32. b3 Nxc3 33. Bxc3 Rc6
34. a4 Rd5 35. Ke2 Kf8 36. Rb1 Ke8 37. Rbd1 Kd7 38. Ke3 g6 39. f3 Be7 40. Ke2
Bd6 41. f4 Be7 42. Kd2 Bf6 43. Ke2 Rc8 44. Ke3 Bd8 45. Bd2 Rc2 46. Rc1 Rb2 47.
Rc4 b5 48. Rc5 bxa4 49. bxa4 Bb6 50. Rc4 f6 51. Bc1 Rg2 52. Kf3 Ra2 53. Be3 Rb2
54. Ke4 f5+ 55. Kf3 Rd6 56. Bc1 Ra2 57. Ba3 Rd5 58. Ke3 e5 59. fxe5 Rxe5+ 60.
Kf4 Re4+ 61. Kg5 Rg4+ 62. Kf6 Rf2 63. Rb3 f4 64. Rxb6 fxg3+ 65. Kg7 g2 66. Rd6+
Ke8 67. Rc8+ Ke7 68. Rc7+ Ke8 69. Rd5 Re2 70. Rc8# 1-0

[Event "12th TCh-RUS Women"]
[Site "Olginka RUS"]
[Date "2011.04.17"]
[Round "2"]
[White "Kashlinskaya, Alina"]
[Black "Rassokhina, Ekaterina"]
[Result "1-0"]
[WhiteTitle "WGM"]
[BlackTitle "WFM"]
[WhiteElo "2320"]
[BlackElo "2055"]
[WhiteTeam "SHSM - RSCU"]
[BlackTeam "Polytechnic"]
[WhiteFideId "4198026"]
[BlackFideId "24117978"]
[EventDate "2011.04.16"]

1. d4 Nf6 2. c4 e6 3. Nc3 Bb4 4. e3 O-O 5. Bd3 c5 6. Nf3 Nc6 7. O-O Bxc3 8. bxc3
d6 9. e4 e5 10. d5 Ne7 11. Nh4 h6 12. f4 Ng6 13. Nxg6 fxg6 14. Qe1 Qe7 15. Qg3
Kh7 16. f5 g5 17. a4 b6 18. a5 Bd7 19. Bd2 Rfb8 20. Rfb1 Qd8 21. axb6 a5 22. Be3
a4 23. h4 g4 24. Bxc5 dxc5 25. Qxe5 Rxb6 26. Qf4 Rxb1+ 27. Rxb1 a3 28. e5 a2 29.
Ra1 Qa5 30. Qd2 Qa6 31. exf6 Qxf6 32. Rxa2 Rxa2 33. Qxa2 Qxc3 34. Qe2 g3 35. Qe4
Qc1+ 36. Bf1 Qd2 37. Kh1 Qf2 38. f6+ Bf5 39. Qf3 Qxf3 40. gxf3 g5 41. hxg5 hxg5
42. d6 Kg8 43. Bd3 Bd7 44. Bg6 g4 45. Kg2 gxf3+ 46. Kxf3 Kf8 47. Kxg3 Be6 48.
Kf4 Bxc4 49. d7 1-0

[Event "12th TCh-RUS Women"]
[Site "Olginka RUS"]
[Date "2011.04.18"]
[Round "3"]
[White "Kosteniuk, Alexandra"]
[Black "Galliamova, Alisa"]
[Result "1-0"]
[WhiteTitle "GM"]
[BlackTitle "IM"]
[WhiteElo "2503"]
[BlackElo "2497"]
[WhiteTeam "SHSM - RSCU"]
[BlackTeam "Rook"]
[WhiteFideId "4128125"]
[BlackFideId "4129725"]
[EventDate "2011.04.16"]

1. e4 c5 2. Nf3 Nc6 3. d4 cxd4 4. Nxd4 Qb6 5. Nb3 Nf6 6. Nc3 e6 7. g3 Bb4 8. Bg2
O-O 9. Bg5 Bxc3+ 10. bxc3 Qb5 11. h4 b6 12. Qd2 a5 13. h5 Ne8 14. h6 g6 15. Nd4
Nxd4 16. cxd4 f6 17. Bf4 Bb7 18. a4 Qc4 19. Bf1 Qc8 20. d5 f5 21. exf5 Rxf5 22.
c4 exd5 23. Bd3 Rf7 24. cxd5 Qc5 25. Be3 Qxd5 26. Rh4 Ba6 27. Be4 Qe5 28. Qd4
Qxd4 29. Bxd4 Rb8 30. Bd5 Nc7 31. Bxf7+ Kxf7 32. Rf4+ Kg8 33. Re4 Ne6 34. Rc1
Bb7 35. Rxe6 dxe6 36. Rc7 e5 37. Rg7+ Kf8 38. Rxh7 Bd5 39. Rh8+ 1-0

[Event "12th TCh-RUS Women"]
[Site "Olginka RUS"]
[Date "2011.04.18"]
[Round "3"]
[White "Paikidze, Nazi"]
[Black "Gunina, Valentina"]
[Result "1-0"]
[WhiteTitle "WGM"]
[BlackTitle "WGM"]
[WhiteElo "2425"]
[BlackElo "2472"]
[WhiteTeam "Rook"]
[BlackTeam "SHSM - RSCU"]
[WhiteFideId "13603620"]
[BlackFideId "4167570"]
[EventDate "2011.04.16"]

1. d4 d5 2. c4 c6 3. Nc3 Nf6 4. Nf3 dxc4 5. a4 Bf5 6. Ne5 Nbd7 7. Nxc4 Nb6 8.
Ne5 a5 9. e3 h6 10. g4 Bh7 11. Bg2 e6 12. O-O Bd6 13. f4 O-O 14. Qe2 Qe7 15. Bd2
Rfd8 16. Be1 Nfd5 17. Ne4 f6 18. Nd3 Bxe4 19. Bxe4 e5 20. Bg3 exf4 21. exf4 f5
22. gxf5 Nf6 23. Bf3 Qxe2 24. Bxe2 Be7 25. Be1 Nc4 26. Nc5 Ne3 27. Nxb7 Rdb8 28.
Nxa5 Rxb2 29. Rf2 Nfd5 30. Bc4 Rxf2 31. Bxf2 Nxc4 32. Nxc4 Nxf4 33. Kf1 Nd3 34.
Be3 Bf6 35. a5 Nb4 36. Rc1 Nd5 37. Bf2 Ne7 38. Rd1 Nxf5 39. d5 cxd5 40. Rxd5 Rc8
41. Rxf5 Rxc4 42. a6 Bd4 43. a7 Rc1+ 44. Kg2 Bxa7 45. Bxa7 Rc7 46. Be3 Kh7 47.
Kf3 Kg6 48. Ra5 Rf7+ 49. Kg4 Re7 50. Ra6+ Kh7 51. Bf4 Rf7 52. Rc6 Rb7 53. Kf5
Ra7 54. Rc7 Ra6 55. Be5 Rg6 56. Rc8 Rg5+ 57. Kf4 Rg2 58. Kf5 Rg5+ 59. Ke6 Rg6+
60. Kd5 Rg5 61. Rc3 Rf5 62. Ke6 Rf2 63. h4 Kg6 64. Rg3+ Kh5 65. Rxg7 Re2 66. Kf5
Kxh4 67. Rg4+ Kh3 68. Rg3+ Kh4 69. Rf3 Rxe5+ 70. Kxe5 h5 71. Rf8 Kg3 72. Rg8+
Kf3 73. Rh8 Kg4 74. Ke4 h4 75. Rg8+ Kh3 76. Kf3 Kh2 77. Rh8 1-0

[Event "12th TCh-RUS Women"]
[Site "Olginka RUS"]
[Date "2011.04.18"]
[Round "3"]
[White "Girya, Olga"]
[Black "Gaponenko, Inna"]
[Result "1/2-1/2"]
[WhiteTitle "WGM"]
[BlackTitle "IM"]
[WhiteElo "2425"]
[BlackElo "2435"]
[WhiteTeam "SHSM - RSCU"]
[BlackTeam "Rook"]
[WhiteFideId "4195752"]
[BlackFideId "14101181"]
[EventDate "2011.04.16"]

1. d4 Nf6 2. Nf3 d5 3. c4 e6 4. Nc3 dxc4 5. e3 a6 6. Bxc4 c5 7. O-O b5 8. Be2
Bb7 9. dxc5 Bxc5 10. Qxd8+ Kxd8 11. Ne5 Ke7 12. Nd3 Bd6 13. f3 Nbd7 14. e4 Ne5
15. Nxe5 Bxe5 16. Be3 Rac8 17. Rfc1 Nd7 18. Kf2 Nc5 19. Rab1 Rhd8 20. Rd1 Bxc3
21. Rxd8 Kxd8 22. bxc3 Na4 23. Bd4 Nxc3 24. Bxc3 Rxc3 25. a4 Rc2 26. axb5 axb5
27. Kf1 Rc5 28. Rxb5 Rxb5 29. Bxb5 e5 30. Kf2 1/2-1/2

[Event "12th TCh-RUS Women"]
[Site "Olginka RUS"]
[Date "2011.04.18"]
[Round "3"]
[White "Turova, Irina"]
[Black "Kashlinskaya, Alina"]
[Result "1-0"]
[WhiteTitle "IM"]
[BlackTitle "WGM"]
[WhiteElo "2428"]
[BlackElo "2320"]
[WhiteTeam "Rook"]
[BlackTeam "SHSM - RSCU"]
[WhiteFideId "4120876"]
[BlackFideId "4198026"]
[EventDate "2011.04.16"]

1. d4 d5 2. c4 e6 3. Nc3 c6 4. e3 Bd6 5. Qc2 f5 6. Bd3 Nf6 7. Nge2 O-O 8. f3 a6
9. Bd2 b6 10. O-O-O dxc4 11. Bxc4 b5 12. Bb3 Nd5 13. e4 fxe4 14. Nxe4 Be7 15. h4
Nd7 16. Ng5 N7f6 17. Nf4 Qd6 18. Nh5 g6 19. Nxf6+ Bxf6 20. h5 Bxd4 21. hxg6 e5
22. g7 Rf5 23. g4 c5 24. Ne4 Qd8 25. Bxd5+ Qxd5 26. Nf6+ 1-0

[Event "12th TCh-RUS Women"]
[Site "Olginka RUS"]
[Date "2011.04.18"]
[Round "3"]
[White "Bodnaruk, Anastasia"]
[Black "Pogonina, Natalija"]
[Result "0-1"]
[WhiteTitle "IM"]
[BlackTitle "WGM"]
[WhiteElo "2423"]
[BlackElo "2446"]
[WhiteTeam "SPbShF"]
[BlackTeam "ABC"]
[WhiteFideId "4181751"]
[BlackFideId "4147855"]
[EventDate "2011.04.16"]

1. e4 e5 2. Nf3 Nc6 3. Bb5 a6 4. Ba4 Nf6 5. O-O b5 6. Bb3 Bb7 7. d3 Be7 8. Nc3
O-O 9. a3 d6 10. h3 h6 11. Nd5 Nxd5 12. Bxd5 Na5 13. b4 Bxd5 14. exd5 Nb7 15.
Re1 f5 16. c4 Qd7 17. Bb2 Bf6 18. Rc1 Nd8 19. Qb3 Nf7 20. cxb5 axb5 21. Rc2 Rae8
22. Rec1 Bd8 23. Rc6 Kh7 24. a4 bxa4 25. Qxa4 Nh8 26. Nxe5 Qe7 27. Nf3 Qf7 28.
Qb5 Ng6 29. R6c4 Re2 30. Ba1 Rfe8 31. Kf1 Ra2 32. Bc3 Ree2 33. Be1 Ne5 34. Nd4
Reb2 35. R4c2 Rxc2 36. Rxc2 Rxc2 37. Nxc2 Bf6 38. f4 Ng6 39. Qc4 Qe7 40. Bf2 Bh4
41. g3 Bf6 42. Na3 h5 43. h4 Qe8 44. Nb5 Qa8 45. Kg2 Qa4 46. d4 Qd1 47. Nc3 Qg4
48. Kf1 Qf3 49. Kg1 Bxh4 50. Qe2 Qxe2 51. Nxe2 Bf6 52. Nc3 Ne7 53. Kf1 Kg6 54.
Ke2 h4 55. gxh4 Kh5 56. Kd3 Bxh4 57. Bxh4 Kxh4 58. Kc4 Kg3 59. Nb5 Kxf4 60. Nxc7
Ke3 61. Ne6 g6 62. b5 Nc8 63. b6 Nxb6+ 64. Kb5 Nxd5 65. Kc6 Nb4+ 66. Kxd6 f4 67.
Ng5 f3 68. Nh3 g5 69. Ke5 g4 70. Nf4 f2 71. Ng2+ Kd2 0-1

[Event "12th TCh-RUS Women"]
[Site "Olginka RUS"]
[Date "2011.04.18"]
[Round "3"]
[White "Savina, Anastasia"]
[Black "Kovanova, Baira"]
[Result "0-1"]
[WhiteTitle "WGM"]
[BlackTitle "WGM"]
[WhiteElo "2383"]
[BlackElo "2376"]
[WhiteTeam "ABC"]
[BlackTeam "SPbShF"]
[WhiteFideId "4196872"]
[BlackFideId "4164083"]
[EventDate "2011.04.16"]

1. d4 Nf6 2. c4 e6 3. Nc3 Bb4 4. Qc2 O-O 5. e4 d5 6. e5 Ne4 7. Bd3 c5 8. Nf3
cxd4 9. Nxd4 Nd7 10. Bf4 Qh4 11. g3 Qh3 12. O-O-O Nxc3 13. bxc3 Ba3+ 14. Kb1 Nb6
15. Bf1 Qh5 16. Be2 Qg6 17. Bd3 Qh5 18. Be2 Qg6 19. Qxg6 hxg6 20. Nb5 Bc5 21.
Nc7 Rb8 22. cxd5 exd5 23. Bf3 Bf5+ 24. Ka1 Rbc8 25. Nxd5 Nxd5 26. Bxd5 Bxf2 27.
c4 Rfe8 28. Kb2 a6 29. a4 b5 30. axb5 axb5 31. Rd2 Bb6 32. cxb5 Ba5 33. Rf2 Rc5
34. g4 Rxb5+ 35. Ka3 Bb4+ 36. Ka4 Bd7 37. Bxf7+ Kxf7 38. Bd2+ Kg8 39. Bxb4 Reb8
40. Rf8+ Rxf8 0-1

[Event "12th TCh-RUS Women"]
[Site "Olginka RUS"]
[Date "2011.04.18"]
[Round "3"]
[White "Zhukova, Natalia"]
[Black "Ovod, Evgenija"]
[Result "1/2-1/2"]
[WhiteTitle "GM"]
[BlackTitle "IM"]
[WhiteElo "2443"]
[BlackElo "2405"]
[WhiteTeam "Giprorechtrans"]
[BlackTeam "MI Chigorin CC"]
[WhiteFideId "14101513"]
[BlackFideId "4131827"]
[EventDate "2011.04.16"]

1. Nf3 c5 2. c4 Nc6 3. Nc3 g6 4. g3 Bg7 5. Bg2 d6 6. O-O Qd7 7. a3 b6 8. e3 Bxc3
9. dxc3 Bb7 10. e4 Ne5 11. Nxe5 dxe5 12. Qxd7+ Kxd7 13. f4 exf4 14. Bxf4 f6 15.
b4 g5 16. Be3 Nh6 17. bxc5 bxc5 18. Rab1 Bc6 19. Bxc5 Ng4 20. Bd4 Ke6 21. Rf5
Rhb8 22. Rb4 a5 23. Rxa5 Rxa5 24. Rxb8 Rxa3 25. Rb1 Ra2 26. h3 Rxg2+ 27. Kxg2
Bxe4+ 28. Kg1 Bxb1 29. hxg4 Bd3 30. Kf2 Bxc4 31. Bb6 Kd7 32. Ba5 e5 33. Bb6 Ke6
34. Bd8 Bb5 35. Ke3 Ba4 36. Ke2 Bb3 37. Kd2 Kf7 38. Ke2 h6 39. Bb6 Be6 40. Kf3
Bb3 41. Ke2 Ke8 42. Ba5 Kd7 43. Bb6 Bc4+ 44. Ke3 Bb5 45. Ba5 Ke6 46. Bd8 Bc4 47.
Kf3 Bb3 48. Ke2 e4 49. Ke3 Bd1 50. Kxe4 Bxg4 51. c4 Bd1 52. c5 Ba4 53. Ke3 Kf5
54. Kf2 Bc6 55. Be7 Ba8 56. Bd8 Bb7 57. Be7 Bh1 58. Bd8 Be4 59. Be7 Bd5 60. Bd8
Bh1 61. Be7 Be4 62. Bd8 Bd5 63. Be7 Ba8 64. Bd8 Bb7 65. Be7 Bc6 66. Bd8 Kg6 67.
Be7 Ba8 68. Bf8 Bb7 69. Be7 Bh1 70. Bf8 Be4 71. Be7 Ba8 72. Bf8 Bb7 73. Be7 Bh1
74. Bf8 Be4 75. Be7 Bd5 76. Bf8 Bc6 77. Be7 h5 78. Bd8 Ba8 79. Be7 Bb7 80. Bd8
Bh1 81. Be7 Be4 82. Bd8 Bd5 83. Be7 Bh1 84. Bd8 Be4 85. Be7 Bd5 86. Bd8 Ba8 87.
Be7 Kf7 88. Bd8 Bb7 89. Ke3 Bh1 90. Kf2 Be4 91. Ke3 Bg2 92. Kf2 Bd5 93. Ke3 Ke6
94. Kf2 Kf5 95. Be7 Bc6 96. Bd8 h4 97. gxh4 gxh4 98. Be7 Ke6 99. Bd8 Be4 100.
Kg1 h3 101. Kh2 Bg2 102. Bc7 Kd5 103. Kg1 Kxc5 104. Kf2 Kd4 105. Bh2 f5 106. Bg1
Ke4 107. Bh2 f4 108. Bg1 Kf5 109. Bh2 Kg4 110. Bg1 Bd5 1/2-1/2

[Event "12th TCh-RUS Women"]
[Site "Olginka RUS"]
[Date "2011.04.18"]
[Round "3"]
[White "Zaiatz, Elena"]
[Black "Bronnikova, Elizaveta"]
[Result "1/2-1/2"]
[WhiteTitle "IM"]
[BlackTitle "WIM"]
[WhiteElo "2426"]
[BlackElo "2251"]
[WhiteTeam "Giprorechtrans"]
[BlackTeam "MI Chigorin CC"]
[WhiteFideId "4139518"]
[BlackFideId "4157087"]
[EventDate "2011.04.16"]

1. d4 d6 2. c4 e5 3. Nf3 Nd7 4. Nc3 c6 5. g3 Ngf6 6. Bg2 g6 7. O-O Bg7 8. e3 O-O
9. a4 a5 10. b3 Re8 11. Ba3 exd4 12. exd4 Nf8 13. h3 d5 14. Ne5 Be6 15. f4 Ne4
16. Ne2 f6 17. cxd5 Bxd5 18. Nc4 b5 19. axb5 cxb5 20. Nd6 Re6 21. Nxe4 Bxe4 22.
f5 Re8 23. Nf4 Bxg2 24. Nxg2 Qd5 25. Rc1 b4 26. Bb2 Nd7 27. fxg6 hxg6 28. Nf4
Qg5 29. Qf3 Qf5 30. g4 Qe4 31. Qxe4 Rxe4 32. Nxg6 Kh7 33. Nh4 Nb6 34. Nf5 Bf8
35. Rc7+ Kg8 36. Bc1 Nd5 37. Rd7 Nb6 38. Rb7 Nd5 39. Bh6 Nc3 40. Bxf8 Kxf8 41.
g5 Ne2+ 42. Kh2 fxg5 43. Rh7 Kg8 44. Rg7+ Kh8 45. Rxg5 a4 46. bxa4 Rxa4 47. Nd6
Rf4 48. Rxf4 Nxf4 49. Rb5 b3 50. Rxb3 1/2-1/2

[Event "12th TCh-RUS Women"]
[Site "Olginka RUS"]
[Date "2011.04.18"]
[Round "3"]
[White "Gromova, Iulia"]
[Black "Vasilevich, Irina"]
[Result "0-1"]
[WhiteTitle "WIM"]
[BlackTitle "IM"]
[WhiteElo "2214"]
[BlackElo "2324"]
[WhiteTeam "MI Chigorin CC"]
[BlackTeam "Giprorechtrans"]
[WhiteFideId "4152832"]
[BlackFideId "4141296"]
[EventDate "2011.04.16"]

1. d4 Nf6 2. c4 e6 3. Nf3 b6 4. g3 Ba6 5. b3 Bb4+ 6. Bd2 Be7 7. Bg2 c6 8. Bc3 d5
9. Nbd2 Nbd7 10. O-O O-O 11. Re1 c5 12. e4 Nxe4 13. Nxe4 dxe4 14. Rxe4 Bb7 15.
Re2 Nf6 16. dxc5 Ne4 17. Bb2 Nxc5 18. Qc2 a5 19. Rd1 Qc8 20. h4 f5 21. Ng5 Bxg2
22. Kxg2 Bxg5 23. hxg5 f4 24. f3 fxg3 25. Rh1 Rf5 26. Re5 Ra7 27. Rxf5 exf5 28.
Re1 Rd7 29. Rd1 Re7 30. Rd5 Qe8 31. Kxg3 Re2 32. Qd1 f4+ 33. Kg4 h5+ 34. gxh6
Qg6+ 0-1

[Event "12th TCh-RUS Women"]
[Site "Olginka RUS"]
[Date "2011.04.18"]
[Round "3"]
[White "Iljushina, Olga"]
[Black "Tomilova, Elena"]
[Result "1/2-1/2"]
[WhiteTitle "WGM"]
[BlackTitle "WIM"]
[WhiteElo "2352"]
[BlackElo "2315"]
[WhiteTeam "Ugra"]
[BlackTeam "Polytechnic"]
[WhiteFideId "4152280"]
[BlackFideId "4162340"]
[EventDate "2011.04.16"]

1. d4 d5 2. c4 dxc4 3. e4 Nc6 4. d5 Ne5 5. Bf4 Ng6 6. Bg3 e5 7. Bxc4 Nf6 8. Nc3
Bd6 9. Nge2 O-O 10. O-O a6 11. a4 Nh5 12. Qd2 Re8 13. Nd1 Nhf4 14. b4 h5 15. f3
Nxe2+ 16. Bxe2 h4 17. Be1 Nf4 18. Bc4 Qg5 19. Ra2 Bh3 20. Bxh4 Qxh4 21. gxh3
Qxh3 22. Ne3 a5 23. bxa5 Bc5 24. Kh1 Nh5 25. Qg2 Qxg2+ 26. Nxg2 Rxa5 27. Bb5 Rd8
28. Rc2 Bb6 29. f4 Nxf4 30. Nxf4 exf4 31. Rxf4 Raa8 32. Rg4 Rd6 33. Kg2 Kf8 34.
Kf3 Rf6+ 35. Kg3 Rd8 36. h4 Bd4 37. Rg5 Be3 38. Rg4 Bd4 39. Rg5 Be3 40. Rh5 Bb6
41. Kg4 Ke7 42. Re5+ Kf8 43. h5 Rf2 44. Rc1 Rg2+ 45. Kh3 Rf2 46. Kg3 Rf6 47. Kg4
Rf2 48. Rf5 Rxf5 49. Kxf5 Rd6 50. Kg4 Ke7 51. Rc2 Kd8 52. Rd2 Rf6 53. e5 Rf2 54.
Rd1 Rg2+ 55. Kf3 Rg5 56. h6 gxh6 57. Kf4 Rg1 58. Rd2 Re1 59. Rg2 Be3+ 60. Kf5
Bg5 61. e6 Ke7 62. exf7 Kxf7 63. Rc2 Rc1 64. Rxc1 Bxc1 65. a5 Ke7 66. a6 bxa6
67. Bxa6 Kd6 68. Bb7 Kc5 69. Kg4 Kd6 1/2-1/2

[Event "12th TCh-RUS Women"]
[Site "Olginka RUS"]
[Date "2011.04.18"]
[Round "3"]
[White "Kharashuta, Ekaterina"]
[Black "Nebolsina, Vera"]
[Result "0-1"]
[WhiteTitle "WIM"]
[BlackTitle "WGM"]
[WhiteElo "2270"]
[BlackElo "2305"]
[WhiteTeam "Polytechnic"]
[BlackTeam "Ugra"]
[WhiteFideId "4193172"]
[BlackFideId "4163591"]
[EventDate "2011.04.16"]

1. Nf3 c5 2. g3 Nc6 3. Bg2 e5 4. c4 g6 5. Nc3 Bg7 6. d3 Nge7 7. O-O d6 8. Rb1 a5
9. a3 O-O 10. Ne1 Be6 11. Bg5 f6 12. Bd2 Rb8 13. Nc2 Qd7 14. b4 b6 15. Nd5 axb4
16. axb4 f5 17. e3 e4 18. dxe4 fxe4 19. Bxe4 Ne5 20. Qe2 Nxd5 21. cxd5 Bf5 22.
f3 Rbe8 23. Na3 Bxe4 24. fxe4 Qa4 25. Nb5 Qc2 26. Rbc1 Rxf1+ 27. Rxf1 Rf8 28.
Nxd6 Rxf1+ 29. Kxf1 Bf8 30. bxc5 bxc5 31. Ne8 Kf7 32. Nc7 Qxe4 33. Qa6 Qh1+ 34.
Ke2 Qxh2+ 35. Kd1 Qh1+ 36. Kc2 Qe4+ 37. Kc3 Bd6 38. Ne6 Qxd5 39. Ng5+ Ke7 40.
Qf1 h6 41. Nh3 Nf3 42. Bc1 Be5+ 43. Kc2 Qa2+ 44. Kd1 Qb3+ 45. Ke2 Qc4+ 46. Kf2
Bxg3+ 47. Kg2 Ne1+ 48. Kg1 Qxc1 0-1

[Event "12th TCh-RUS Women"]
[Site "Olginka RUS"]
[Date "2011.04.18"]
[Round "3"]
[White "Bezgodova, Svetlana"]
[Black "Novikova, Anna"]
[Result "0-1"]
[BlackTitle "WIM"]
[WhiteElo "2147"]
[BlackElo "2240"]
[WhiteTeam "Ugra"]
[BlackTeam "Polytechnic"]
[WhiteFideId "4110650"]
[BlackFideId "4146794"]
[EventDate "2011.04.16"]

1. Nf3 d5 2. c4 d4 3. b4 g6 4. Bb2 Bg7 5. e4 e5 6. d3 Ne7 7. Be2 a5 8. b5 Nd7 9.
a4 c5 10. bxc6 bxc6 11. c5 Nxc5 12. Ba3 Ne6 13. Nbd2 Ba6 14. Qc2 O-O 15. Nc4
Bxc4 16. Qxc4 c5 17. g3 Qb6 18. Nd2 h5 19. O-O Nc6 20. Rfb1 Nb4 21. Bf1 Qa6 22.
Qxa6 Rxa6 23. Nc4 f5 24. exf5 gxf5 25. Bxb4 cxb4 26. Re1 Rc8 27. Bh3 Rxc4 28.
dxc4 Ng5 29. Bxf5 Nf3+ 30. Kg2 Nxe1+ 31. Rxe1 Kf7 32. Be4 Bf8 33. Bf3 Kf6 34.
Bxh5 Rc6 35. f4 exf4 36. gxf4 Rxc4 37. Bg4 d3 38. Kg3 d2 39. Re6+ Kf7 40. Ra6
Rc1 41. Ra7+ Ke8 42. Ra8+ Ke7 43. Ra7+ Kf6 44. Rd7 b3 45. Rxd2 Ba3 46. Bf3 b2
47. Be4 b1=Q 48. Bxb1 Rxb1 49. Rd5 Bb4 50. Kg4 Rg1+ 51. Kf3 Ra1 52. h4 Rxa4 53.
Kg4 Ra1 54. Rf5+ Ke6 55. Re5+ Kd6 56. h5 Bc3 57. Re3 Bd4 58. Rh3 a4 59. Kf5 a3
60. h6 Kc5 61. h7 Bh8 62. Rb3 Bb2 63. Rb7 Rh1 64. Ra7 Kb6 65. Rxa3 Bxa3 66. Kg6
Bb2 67. f5 Kc6 68. f6 Bxf6 0-1